<?xml version="1.0" encoding="UTF-8"?>
<record
    xmlns:xsi="http://www.w3.org/2001/XMLSchema-instance"
    xsi:schemaLocation="http://www.loc.gov/MARC21/slim http://www.loc.gov/standards/marcxml/schema/MARC21slim.xsd"
    xmlns="http://www.loc.gov/MARC21/slim">

  <leader>00795nam a2200229Ia 4500</leader>
  <controlfield tag="005">20251218113910.0</controlfield>
  <controlfield tag="008">210716s2016    xx            000 0 und d</controlfield>
  <datafield tag="020" ind1=" " ind2=" ">
    <subfield code="a">9788131526613</subfield>
  </datafield>
  <datafield tag="040" ind1=" " ind2=" ">
    <subfield code="c">AIMIT LIBRARY</subfield>
  </datafield>
  <datafield tag="041" ind1=" " ind2=" ">
    <subfield code="a">eng</subfield>
  </datafield>
  <datafield tag="082" ind1=" " ind2=" ">
    <subfield code="a">005.764 </subfield>
    <subfield code="2">5</subfield>
    <subfield code="b">ALBS</subfield>
  </datafield>
  <datafield tag="100" ind1=" " ind2=" ">
    <subfield code="a">Albright, S Christian.</subfield>
    <subfield code="9">19563</subfield>
  </datafield>
  <datafield tag="245" ind1=" " ind2=" ">
    <subfield code="a">Business analytics: </subfield>
    <subfield code="b">data analysis and decision making /</subfield>
    <subfield code="c">By S. Christian Albright and Wayne L. Winston.</subfield>
  </datafield>
  <datafield tag="250" ind1=" " ind2=" ">
    <subfield code="a">5th ed.</subfield>
  </datafield>
  <datafield tag="260" ind1=" " ind2=" ">
    <subfield code="a">New Delhi :</subfield>
    <subfield code="b">Cengage Learning ,</subfield>
    <subfield code="c">2016.</subfield>
  </datafield>
  <datafield tag="300" ind1=" " ind2=" ">
    <subfield code="a">xviii,990p. ;</subfield>
    <subfield code="c">25.4 cm.</subfield>
    <subfield code="b">PB</subfield>
  </datafield>
  <datafield tag="650" ind1=" " ind2=" ">
    <subfield code="a">Probability and Decision Making Under Uncertainty.</subfield>
    <subfield code="9">19564</subfield>
  </datafield>
  <datafield tag="650" ind1=" " ind2=" ">
    <subfield code="a">Statistical Inference.</subfield>
    <subfield code="9">19568</subfield>
  </datafield>
  <datafield tag="650" ind1=" " ind2=" ">
    <subfield code="a">Advanced Data Analysis.</subfield>
    <subfield code="9">19569</subfield>
  </datafield>
  <datafield tag="700" ind1=" " ind2=" ">
    <subfield code="a">Winston, Wayne L.</subfield>
    <subfield code="9">19570</subfield>
  </datafield>
  <datafield tag="942" ind1=" " ind2=" ">
    <subfield code="2">ddc</subfield>
    <subfield code="c">BK</subfield>
    <subfield code="e">5th</subfield>
    <subfield code="k">005.764 ALBS</subfield>
  </datafield>
  <datafield tag="999" ind1=" " ind2=" ">
    <subfield code="c">195793</subfield>
    <subfield code="d">195793</subfield>
  </datafield>
  <datafield tag="952" ind1=" " ind2=" ">
    <subfield code="0">0</subfield>
    <subfield code="1">0</subfield>
    <subfield code="2">ddc</subfield>
    <subfield code="4">0</subfield>
    <subfield code="7">0</subfield>
    <subfield code="8">MCA</subfield>
    <subfield code="a">AIMIT</subfield>
    <subfield code="b">AIMIT</subfield>
    <subfield code="d">2017-03-08</subfield>
    <subfield code="e">Knowledge World</subfield>
    <subfield code="g">775.00</subfield>
    <subfield code="i">Bill no:335;Bill dt:2017-02-28</subfield>
    <subfield code="l">0</subfield>
    <subfield code="o">005.764 ALBS</subfield>
    <subfield code="p">MCA15305</subfield>
    <subfield code="r">2026-05-23 00:00:00</subfield>
    <subfield code="v">604.50</subfield>
    <subfield code="w">2021-07-16</subfield>
    <subfield code="y">BK</subfield>
  </datafield>
  <datafield tag="952" ind1=" " ind2=" ">
    <subfield code="0">0</subfield>
    <subfield code="1">0</subfield>
    <subfield code="2">ddc</subfield>
    <subfield code="4">0</subfield>
    <subfield code="7">0</subfield>
    <subfield code="8">MCA</subfield>
    <subfield code="a">AIMIT</subfield>
    <subfield code="b">AIMIT</subfield>
    <subfield code="e">Knowledge World</subfield>
    <subfield code="g">775.00</subfield>
    <subfield code="i">Bill no:335; Bill dt:2017-02-28</subfield>
    <subfield code="l">1</subfield>
    <subfield code="o">005.764 ALBS</subfield>
    <subfield code="p">MCA15306</subfield>
    <subfield code="r">2026-05-23 00:00:00</subfield>
    <subfield code="s">2022-06-21</subfield>
    <subfield code="v">604.50</subfield>
    <subfield code="w">2021-07-16</subfield>
    <subfield code="y">BK</subfield>
  </datafield>
  <datafield tag="952" ind1=" " ind2=" ">
    <subfield code="0">0</subfield>
    <subfield code="1">0</subfield>
    <subfield code="2">ddc</subfield>
    <subfield code="4">0</subfield>
    <subfield code="7">0</subfield>
    <subfield code="8">MCA</subfield>
    <subfield code="a">AIMIT</subfield>
    <subfield code="b">AIMIT</subfield>
    <subfield code="e">Knowledge World</subfield>
    <subfield code="g">775.00</subfield>
    <subfield code="i">Bill no:335; Bill dt:2017-02-28</subfield>
    <subfield code="l">0</subfield>
    <subfield code="o">005.764 ALBS</subfield>
    <subfield code="p">MCA15307</subfield>
    <subfield code="r">2026-05-23 00:00:00</subfield>
    <subfield code="v">604.50</subfield>
    <subfield code="w">2021-07-16</subfield>
    <subfield code="y">BK</subfield>
  </datafield>
  <datafield tag="952" ind1=" " ind2=" ">
    <subfield code="0">0</subfield>
    <subfield code="1">0</subfield>
    <subfield code="2">ddc</subfield>
    <subfield code="4">0</subfield>
    <subfield code="7">0</subfield>
    <subfield code="8">MCA</subfield>
    <subfield code="a">AIMIT</subfield>
    <subfield code="b">AIMIT</subfield>
    <subfield code="e">Knowledge World</subfield>
    <subfield code="g">775.00</subfield>
    <subfield code="i">Bill no:335; Bill dt:2017-02-28</subfield>
    <subfield code="l">0</subfield>
    <subfield code="o">005.764 ALBS</subfield>
    <subfield code="p">MCA15308</subfield>
    <subfield code="r">2026-05-23 00:00:00</subfield>
    <subfield code="v">604.50</subfield>
    <subfield code="w">2021-07-16</subfield>
    <subfield code="y">BK</subfield>
  </datafield>
</record>
